Central Library OPAC University of Rajshahi

Physico-chemical calculations in science and industry / (Record no. 10839)

MARC details
000 -LEADER
fixed length control field 00784cam a22002412 4500
001 - CONTROL NUMBER
control field 10839
003 - CONTROL NUMBER IDENTIFIER
rucl marc code BD-RjUL
005 - DATE AND TIME OF LATEST TRANSACTION
control field 20211208235027.0
008 - FIXED-LENGTH DATA ELEMENTS--GENERAL INFORMATION
fixed length control field 140125s1964 enka b 001 0 eng u
035 ## - SYSTEM CONTROL NUMBER
System control number (BD-RjUL)10888
040 ## - CATALOGING SOURCE
Transcribing agency CSU
Modifying agency OCL
-- UKM
-- EQO
Original cataloging agency BD-RjUL
Language of cataloging eng
041 1# - LANGUAGE CODE
Language code of text/sound track or separate title engger
082 ## - DEWEY DECIMAL CLASSIFICATION NUMBER
Classification number 541.076
Author mark and year FRP 1964
100 1# - MAIN ENTRY--PERSONAL NAME
Personal name Fromherz, Hans,
Dates associated with a name 1902-
9 (RLIN) 33510
245 10 - TITLE STATEMENT
Title Physico-chemical calculations in science and industry /
Statement of responsibility, etc. Translated by G. H. Kinner.
260 ## - PUBLICATION, DISTRIBUTION, ETC. (IMPRINT)
Place of publication, distribution, etc. London :
Name of publisher, distributor, etc. Butterworths,
Date of publication, distribution, etc. c1964.
300 ## - PHYSICAL DESCRIPTION
Pagination xviii, 355 p. :
Illustrations illus. ;
Size 24 cm.
504 ## - BIBLIOGRAPHY, ETC. NOTE
Bibliography, etc Includes bibliographical references and index.
650 #0 - SUBJECT ADDED ENTRY--TOPICAL TERM
Topical term or geographic name as entry element Chemistry, Physical and theoretical
Form subdivision Problems, exercises, etc.
9 (RLIN) 29612
942 ## - ADDED ENTRY ELEMENTS (KOHA)
Source of classification or shelving scheme Dewey Decimal Classification
Koha item type Books
Holdings
Lost status Source of classification or shelving scheme Damaged status Not for loan Collection code Permanent Location Current Location Shelving location Date acquired Source of acquisition Cost, normal purchase price Total Checkouts Full call number Date last seen Copy number Koha item type
  Dewey Decimal Classification   Not For Loan Non-fiction Central Library, University of Rajshahi Central Library, University of Rajshahi Reading Room 27/01/1967 Pak. A. Co. 65.25   541.076 FRP 1964 25/01/2014 C-1 Books